[Event "Podgorica U2300 op"]
[Site "Podgorica"]
[Date "2021.04.20"]
[Round "7"]
[White "Kovacevic, Nikola"]
[Black "Feratovic, Fahrudin"]
[Result "0-1"]
[WhiteElo "2023"]
[BlackElo "1958"]
[PlyCount "144"]
[EventDate "2021.04.16"]
[EventType "swiss"]
[EventRounds "9"]
[EventCountry "MNE"]
[SourceTitle "EXT 2022"]
[Source "ChessBase"]
[SourceDate "2021.10.06"]
[SourceVersion "1"]
[SourceVersionDate "2021.10.06"]
[SourceQuality "1"]

1. e4 e5 2. Nf3 Nc6 3. Bb5 a6 4. Ba4 Nf6 5. 0-0 Be7 6. Re1 b5 7. Bb3 d6 8. c3 0-0 9. h3 Nb8 10. d4 Nbd7 11. Nbd2 Bb7 12. Bc2 Re8 13. Nf1 Bf8 14. Ng3 g6 15. a4 c5 16. d5 c4 17. Bg5 h6 18. Be3 Bg7 19. Qd2 Kh7 20. Rf1 Qc7 21. Nh4 Re7 22. Ra3 Nc5 23. Rfa1 Ree8 24. Qd1 Nfd7 25. Qf3 Nf6 26. Qd1 Nfd7 27. R1a2 Nb6 28. Bxc5 Qxc5 29. Qf3 Kg8 30. Qe2 Qc7 31. Nf3 Nd7 32. h4 h5 33. Qd1 Nf6 34. Qa1 Rab8 35. axb5 axb5 36. Ra7 Ng4 37. b4 Qb6 38. Nh1 Bf6 39. Bd1 Qd8 40. R2a5 Qd7 41. Qc1 Bd8 42. R5a6 Bc7 43. Ra1 Bb6 44. R7a2 Qe7 45. Qg5 Qxg5 46. Nxg5 Nf6 47. Ng3 Ra8 48. Rxa8 Rxa8 49. Rxa8+ Bxa8 50. Kf1 Bb7 51. Bf3 Bc8 52. Ke2 Kg7 53. Nf1 Bd8 54. Ne3 Be7 55. g3 Nh7 56. Nxh7 Kxh7 57. Bg2 Kh6 58. Bf3 f5 59. Ng2 Bd7 60. Ne3 f4 61. gxf4 exf4 62. Ng2 g5 63. hxg5+ Kxg5 64. Bxh5 Kxh5 65. Nxf4+ Kg5 66. Ke3 Bf6 67. Ne2 Bh3 68. f4+ Kg4 69. Nd4 Bxd4+ 70. cxd4 Bg2 71. f5 Kg5 72. e5 Kxf5 0-1

[Event "Podgorica U2300 op"]
[Site "Podgorica"]
[Date "2021.04.19"]
[Round "6"]
[White "Draskovic, Davor"]
[Black "Kovacevic, Nikola"]
[Result "1-0"]
[WhiteElo "2010"]
[BlackElo "2023"]
[PlyCount "67"]
[EventDate "2021.04.16"]
[EventType "swiss"]
[EventRounds "9"]
[EventCountry "MNE"]
[SourceTitle "EXT 2022"]
[Source "ChessBase"]
[SourceDate "2021.10.06"]
[SourceVersion "1"]
[SourceVersionDate "2021.10.06"]
[SourceQuality "1"]

1. e4 c5 2. Nf3 d6 3. d4 cxd4 4. Nxd4 Nf6 5. Nc3 a6 6. Be3 e5 7. Nb3 Be6 8. f3 Be7 9. Qd2 0-0 10. 0-0-0 a5 11. a4 Na6 12. g4 Nb4 13. g5 Nh5 14. Nd5 Bxd5 15. exd5 Nf4 16. Bxf4 exf4 17. c3 Rc8 18. Kb1 Na6 19. h4 Qb6 20. Ka2 Rc7 21. Nd4 Nc5 22. Nb5 Nxa4 23. Nxc7 Qxc7 24. Qxf4 Nc5 25. Bd3 Nxd3 26. Rxd3 f6 27. Qe4 f5 28. Qe6+ Rf7 29. Rd4 g6 30. h5 Bf8 31. hxg6 hxg6 32. Rdh4 Bg7 33. Qe8+ Rf8 34. Qxg6 1-0

[Event "Niksic IM 03"]
[Site "Niksic"]
[Date "2021.03.09"]
[Round "7"]
[White "Nikac, Predrag"]
[Black "Kovacevic, Nikola"]
[Result "1-0"]
[WhiteElo "2320"]
[BlackElo "2022"]
[PlyCount "79"]
[EventDate "2021.03.05"]
[EventType "tourn"]
[EventRounds "9"]
[EventCountry "MNE"]
[SourceTitle "EXT 2022"]
[Source "ChessBase"]
[SourceDate "2021.10.06"]
[SourceVersion "1"]
[SourceVersionDate "2021.10.06"]
[SourceQuality "1"]

1. e4 c5 2. Nf3 d6 3. Nc3 a6 4. a4 Nf6 5. d4 cxd4 6. Nxd4 e5 7. Nb3 Be6 8. f4 Qc7 9. f5 Bc4 10. Bxc4 Qxc4 11. Qe2 Qc7 12. a5 Nbd7 13. 0-0 Be7 14. Be3 Qc6 15. Ra4 Rc8 16. Nd2 Qc7 17. Rc4 Qb8 18. Rxc8+ Qxc8 19. Rd1 0-0 20. Nc4 Qc6 21. Bg5 Rc8 22. b3 b5 23. axb6 Nxb6 24. Bxf6 gxf6 25. Nd5 Nxd5 26. Rxd5 Rb8 27. Qg4+ Kh8 28. Qh5 Qe8 29. Rd3 Qf8 30. Ne3 d5 31. Nxd5 Bd8 32. Rh3 Qg7 33. Qh4 Ba5 34. Rg3 Be1 35. Rxg7 Bxh4 36. Rxf7 Kg8 37. Rc7 a5 38. g3 Bg5 39. h4 Bd2 40. Nxf6+ 1-0

[Event "Niksic IM 02"]
[Site "Niksic"]
[Date "2021.03.03"]
[Round "8"]
[White "Kovacevic, Nikola"]
[Black "Tomic, Aleksandar1111"]
[Result "1/2-1/2"]
[WhiteElo "2022"]
[BlackElo "2339"]
[PlyCount "102"]
[EventDate "2021.02.26"]
[EventType "tourn"]
[EventRounds "9"]
[EventCountry "MNE"]
[EventCategory "1"]
[SourceTitle "CBM 201 Extra"]
[Source "ChessBase"]
[SourceDate "2021.05.31"]
[SourceVersion "1"]
[SourceVersionDate "2021.05.31"]
[SourceQuality "1"]

1. e4 d5 2. exd5 Nf6 3. c4 c6 4. d4 cxd5 5. Nc3 g6 6. Nf3 Bg7 7. Qb3 dxc4 8. Bxc4 0-0 9. Ne5 e6 10. Be3 b6 11. 0-0 Bb7 12. Rfe1 Nfd7 13. Nxf7 Rxf7 14. Bxe6 Qf6 15. Nb5 Bf8 16. Bxf7+ Qxf7 17. Qxf7+ Kxf7 18. Nc7 Na6 19. Nxa8 Bxa8 20. Rac1 Bb7 21. a3 Bd6 22. Bg5 Nf8 23. d5 Nc5 24. Rcd1 a5 25. b4 axb4 26. axb4 Na6 27. b5 Nc7 28. Bd8 Nxd5 29. Bxb6 Ne6 30. Be3 Bb4 31. Bd2 Bc5 32. Rc1 Bb6 33. Be3 Nxe3 34. Rxe3 Bxe3 35. fxe3 Ke7 36. b6 Kd6 37. Kf2 Nc5 38. Rd1+ Kc6 39. Rd4 Kxb6 40. Rh4 h5 41. g4 Ne4+ 42. Ke1 hxg4 43. Rxg4 g5 44. h4 gxh4 45. Rxh4 Kc5 46. Rh8 Ba6 47. Rd8 Nd6 48. Kf2 Kd5 49. Rh8 Ke5 50. Rh5+ Nf5 51. Rh8 Bb5 1/2-1/2

[Event "Niksic IM 02"]
[Site "Niksic"]
[Date "2021.02.28"]
[Round "5"]
[White "Arapovic, Vitomir"]
[Black "Kovacevic, Nikola"]
[Result "1-0"]
[WhiteElo "2295"]
[BlackElo "2022"]
[PlyCount "91"]
[EventDate "2021.02.26"]
[EventType "tourn"]
[EventRounds "9"]
[EventCountry "MNE"]
[EventCategory "1"]
[SourceTitle "CBM 201 Extra"]
[Source "ChessBase"]
[SourceDate "2021.05.31"]
[SourceVersion "1"]
[SourceVersionDate "2021.05.31"]
[SourceQuality "1"]

1. e4 c5 2. Nf3 d6 3. c3 Nf6 4. Bd3 Nc6 5. Bc2 e5 6. 0-0 Be7 7. d4 Qc7 8. dxc5 dxc5 9. a4 Bg4 10. h3 Bd7 11. Nbd2 0-0-0 12. Qe2 g5 13. Nc4 g4 14. hxg4 Bxg4 15. Ne3 h5 16. Nf5 Rdg8 17. Qe3 Bxf5 18. exf5 e4 19. Bxe4 Ng4 20. Qe2 Bd6 21. Bxc6 Qxc6 22. Nh4 Qc7 23. Rd1 Bh2+ 24. Kf1 Nxf2 25. Qxf2 Bg3 26. Qf3 Bxh4 27. Bf4 Qc6 28. Qxc6+ bxc6 29. Rd6 Kb7 30. Rd7+ Ka6 31. Be3 Rd8 32. Rad1 Rxd7 33. Rxd7 Re8 34. Bf2 Re7 35. Rd6 Bxf2 36. Kxf2 Kb7 37. Rh6 Re4 38. Rxh5 Rxa4 39. Kf3 Ra2 40. Rh7 Rxb2 41. Rxf7+ Kb6 42. f6 Rc2 43. Re7 Rxc3+ 44. Re3 Rc1 45. Kf2 Rc4 46. f7 1-0

[Event "MNT-chT 1st League"]
[Site "Podgorica"]
[Date "2018.10.19"]
[Round "7.3"]
[White "Kovacevic, Nikola"]
[Black "Borozan, Nikola"]
[Result "1/2-1/2"]
[WhiteElo "2063"]
[BlackElo "2109"]
[PlyCount "20"]
[EventDate "2018.09.07"]
[EventType "team-tourn"]
[EventRounds "9"]
[EventCountry "MNE"]
[SourceTitle "CBM 187 Extra"]
[Source "ChessBase"]
[SourceDate "2018.11.04"]
[SourceVersion "1"]
[SourceVersionDate "2018.11.04"]
[SourceQuality "1"]
[WhiteTeam "Dijagonale"]
[BlackTeam "Cetinje"]
[WhiteTeamCountry "MNE"]
[BlackTeamCountry "MNE"]

1. e4 c5 2. Nf3 d6 3. d4 cxd4 4. Nxd4 Nf6 5. Nc3 g6 6. Be3 Bg7 7. f3 0-0 8. Qd2 Nc6 9. Bc4 Bd7 10. 0-0-0 Ne5 1/2-1/2

[Event "Djenovici TS03 IM"]
[Site "Djenovici"]
[Date "2018.03.19"]
[Round "3"]
[White "Kovacevic, Nikola"]
[Black "Fominyh, Alexander"]
[Result "0-1"]
[WhiteElo "2121"]
[BlackElo "2406"]
[PlyCount "70"]
[EventDate "2018.03.17"]
[EventType "tourn"]
[EventRounds "11"]
[EventCountry "MNE"]
[EventCategory "3"]
[SourceTitle "CBM 183 Extra"]
[Source "ChessBase"]
[SourceDate "2018.04.19"]
[SourceVersion "1"]
[SourceVersionDate "2018.04.19"]
[SourceQuality "1"]

1. e4 c5 2. Nf3 Nc6 3. d4 cxd4 4. Nxd4 Qc7 5. Nc3 e6 6. Be3 a6 7. Qf3 Bb4 8. Bd3 Nge7 9. 0-0 0-0 10. Rad1 Nxd4 11. Bxd4 e5 12. Nd5 Nxd5 13. exd5 exd4 14. Bxh7+ Kxh7 15. Qh5+ Kg8 16. Rxd4 g6 17. Qh6 Qe5 18. Rxb4 d6 19. Rh4 Qg7 20. Qe3 Bf5 21. Qb6 Qe5 22. c4 Rfe8 23. Rd4 Rac8 24. Rd2 Rxc4 25. f3 Qe3+ 26. Qxe3 Rxe3 27. Kf2 Re8 28. g4 Bd7 29. Re1 Rxe1 30. Kxe1 g5 31. Kf2 f5 32. gxf5 Bxf5 33. Ke3 Kf7 34. b3 Rc3+ 35. Kf2 Kf6 0-1

[Event "MNT-chT1"]
[Site "Mojkovac"]
[Date "2016.10.08"]
[Round "8.3"]
[White "Karisik, Nenad"]
[Black "Kovacevic, Nikola"]
[Result "1-0"]
[WhiteElo "2227"]
[BlackElo "2046"]
[PlyCount "49"]
[EventDate "2016.09.09"]
[EventType "team-tourn"]
[EventRounds "9"]
[EventCountry "MNE"]
[SourceTitle "EXT 2017"]
[Source "ChessBase"]
[SourceDate "2016.10.25"]
[SourceVersion "1"]
[SourceVersionDate "2016.10.25"]
[SourceQuality "1"]

1. e4 c5 2. Nf3 d6 3. d4 cxd4 4. Nxd4 Nf6 5. Nc3 a6 6. g3 e5 7. Nde2 Be6 8. Bg2 Nbd7 9. a4 b6 10. 0-0 Be7 11. h3 0-0 12. Be3 Qc7 13. g4 Nc5 14. Ng3 Bc4 15. g5 Ne8 16. Nf5 Bd8 17. Nd5 Bxd5 18. Qxd5 Rc8 19. Rfd1 Be7 20. h4 Rb8 21. a5 bxa5 22. Rxa5 Rb5 23. Rxb5 axb5 24. Bxc5 dxc5 25. Qd7 1-0

[Event "MNT-chT1"]
[Site "Mojkovac"]
[Date "2016.09.24"]
[Round "5.3"]
[White "Kovacevic, Nikola"]
[Black "Stojanovic, Nebojsa"]
[Result "1-0"]
[WhiteElo "2046"]
[BlackElo "2006"]
[PlyCount "42"]
[EventDate "2016.09.09"]
[EventType "team-tourn"]
[EventRounds "9"]
[EventCountry "MNE"]
[SourceTitle "EXT 2017"]
[Source "ChessBase"]
[SourceDate "2016.10.25"]
[SourceVersion "1"]
[SourceVersionDate "2016.10.25"]
[SourceQuality "1"]

1. e4 Nc6 2. d4 d5 3. e5 a6 4. Nf3 Bg4 5. Be2 h6 6. 0-0 e6 7. Re1 Nge7 8. Nbd2 Ng6 9. h3 Bf5 10. Nf1 Be7 11. Ng3 Be4 12. Bd3 Bxf3 13. Qxf3 Bg5 14. c3 Bxc1 15. Raxc1 Qg5 16. Qg4 Qxg4 17. hxg4 Nge7 18. f4 0-0-0 19. f5 exf5 20. Nxf5 Rhg8 21. Kf2 Rgf8 1-0

[Event "MNT-chT1"]
[Site "Mojkovac"]
[Date "2016.09.10"]
[Round "2.3"]
[White "Kovacevic, Nikola"]
[Black "Draskovic, Davor"]
[Result "1/2-1/2"]
[WhiteElo "2046"]
[BlackElo "2002"]
[PlyCount "91"]
[EventDate "2016.09.09"]
[EventType "team-tourn"]
[EventRounds "9"]
[EventCountry "MNE"]
[SourceTitle "EXT 2017"]
[Source "ChessBase"]
[SourceDate "2016.10.25"]
[SourceVersion "1"]
[SourceVersionDate "2016.10.25"]
[SourceQuality "1"]

1. e4 c5 2. Nf3 e6 3. d4 cxd4 4. Nxd4 Nf6 5. Nc3 Bb4 6. Bd3 e5 7. Nf5 0-0 8. 0-0 Bxc3 9. bxc3 d5 10. Qf3 dxe4 11. Bxe4 Nxe4 12. Qxe4 Bxf5 13. Qxf5 Nc6 14. Be3 Qc8 15. Qf3 Qe6 16. Rab1 b6 17. Rb5 Rac8 18. Qg3 f5 19. Bc1 f4 20. Qh3 Qxa2 21. Rb3 Qxc2 22. Ra3 Rcd8 23. Qg4 Qf5 24. Qe2 f3 25. Qc4+ Kh8 26. g4 Qg6 27. Kh1 Qd3 28. Qxd3 Rxd3 29. Bg5 h6 30. Be3 Rfd8 31. h4 Na5 32. Kh2 Nc4 33. Rxa7 Nxe3 34. fxe3 Rxe3 35. Kg3 Rdd3 36. g5 Rxc3 37. g6 f2+ 38. Kg4 Rg3+ 39. Kh5 Rc8 40. Rxf2 e4 41. Ra8 Rg5+ 42. hxg5 Rxa8 43. Rf5 Re8 44. gxh6 gxh6 45. Kxh6 e3 46. Rf7 1/2-1/2

[Event "MNT-chT 1st League"]
[Site "Podgorica"]
[Date "2014.09.14"]
[Round "6.1"]
[White "Kovacevic, Nikola"]
[Black "Bukvic, Mihailo"]
[Result "1/2-1/2"]
[WhiteElo "2066"]
[BlackElo "2158"]
[PlyCount "58"]
[EventDate "2014.08.29"]
[EventType "team-tourn"]
[EventRounds "9"]
[EventCountry "MNE"]
[SourceTitle "EXT 2018"]
[Source "ChessBase"]
[SourceDate "2017.10.13"]
[SourceVersion "1"]
[SourceVersionDate "2017.10.13"]
[SourceQuality "1"]
[WhiteTeam "Dijagonale"]
[BlackTeam "Cetinje"]
[WhiteTeamCountry "MNE"]
[BlackTeamCountry "MNE"]

1. e4 e5 2. Nf3 Nc6 3. Bb5 a6 4. Ba4 d6 5. c3 Bg4 6. h3 Bh5 7. d4 b5 8. d5 Nb8 9. Bc2 Be7 10. a4 Nd7 11. axb5 axb5 12. Rxa8 Qxa8 13. Na3 Qb8 14. b4 Ngf6 15. 0-0 0-0 16. Qd3 Bg6 17. Nd2 Qb7 18. Qe2 c6 19. dxc6 Qxc6 20. Nxb5 d5 21. exd5 Nxd5 22. Bxg6 hxg6 23. Ne4 f5 24. Nc5 Nxc5 25. bxc5 Bxc5 26. c4 Nf4 27. Bxf4 exf4 28. Nc3 Re8 29. Qd3 Qd6 1/2-1/2

[Event "MNT-chT 1st League"]
[Site "Podgorica"]
[Date "2014.09.12"]
[Round "4.1"]
[White "Kovacevic, Nikola"]
[Black "Benkovic, Petar"]
[Result "0-1"]
[WhiteElo "2066"]
[BlackElo "2418"]
[PlyCount "50"]
[EventDate "2014.08.29"]
[EventType "team-tourn"]
[EventRounds "9"]
[EventCountry "MNE"]
[SourceTitle "EXT 2018"]
[Source "ChessBase"]
[SourceDate "2017.10.13"]
[SourceVersion "1"]
[SourceVersionDate "2017.10.13"]
[SourceQuality "1"]
[WhiteTeam "Dijagonale"]
[BlackTeam "Crnogorac"]
[WhiteTeamCountry "MNE"]
[BlackTeamCountry "MNE"]

1. e4 c5 2. Nf3 e6 3. d4 cxd4 4. Nxd4 a6 5. Nc3 b5 6. Bd3 Qb6 7. Nb3 Qc7 8. Be3 Bb7 9. Qe2 Nf6 10. 0-0-0 d6 11. g4 b4 12. Na4 Nbd7 13. Nd4 Nxe4 14. Bxe4 Bxe4 15. Bg5 Bd5 16. Rhe1 h6 17. Bh4 Rc8 18. b3 g6 19. Nf5 Bf3 20. Qd3 Bxd1 21. Ng7+ Bxg7 22. Rxe6+ fxe6 23. Qxg6+ Kf8 24. Be7+ Kxe7 25. Qxg7+ Ke8 0-1

[Event "MNT-chT 1st League"]
[Site "Podgorica"]
[Date "2014.08.29"]
[Round "1.1"]
[White "Kovacevic, Nikola"]
[Black "Abramovic, Dragoljub"]
[Result "1/2-1/2"]
[WhiteElo "2066"]
[BlackElo "2089"]
[PlyCount "92"]
[EventDate "2014.08.29"]
[EventType "team-tourn"]
[EventRounds "9"]
[EventCountry "MNE"]
[SourceTitle "EXT 2018"]
[Source "ChessBase"]
[SourceDate "2017.10.13"]
[SourceVersion "1"]
[SourceVersionDate "2017.10.13"]
[SourceQuality "1"]
[WhiteTeam "Dijagonale"]
[BlackTeam "7 Oktobar"]
[WhiteTeamCountry "MNE"]
[BlackTeamCountry "MNE"]

1. e4 d5 2. exd5 Qxd5 3. Nc3 Qd6 4. d4 c6 5. Bc4 Nf6 6. Nf3 Bg4 7. Be3 e6 8. Qe2 Nbd7 9. h3 Bxf3 10. Qxf3 Nb6 11. Bd3 Nbd5 12. 0-0 Be7 13. Ne2 Nb4 14. Rfd1 Nxd3 15. Rxd3 Qd5 16. Qg3 Bd6 17. Bf4 Nh5 18. Qe3 Nxf4 19. Nxf4 Bxf4 20. Qxf4 Rd8 21. b3 0-0 22. c4 Qd6 23. Qg4 f5 24. Qg5 e5 25. d5 e4 26. Rd2 Qe5 27. Rad1 c5 28. Qe3 b6 29. Re2 Qf6 30. f3 Rde8 31. fxe4 Rxe4 32. Qf3 Qe5 33. Rde1 Re8 34. Rxe4 fxe4 35. Qe3 h6 36. Rd1 Rd8 37. a3 Qe7 38. b4 cxb4 39. axb4 Qxb4 40. Qxe4 Qd6 41. Re1 Kh8 42. Kh1 Qc5 43. Qe7 Qxe7 44. Rxe7 b5 45. cxb5 Rxd5 46. Rxa7 Rxb5 1/2-1/2

[Event "MNT-chT1"]
[Site "Cetinje"]
[Date "2013.09.08"]
[Round "6"]
[White "Abramovic, Dragoljub"]
[Black "Kovacevic, Nikola"]
[Result "1-0"]
[WhiteElo "2083"]
[BlackElo "2081"]
[PlyCount "97"]
[EventDate "2013.08.30"]
[EventType "team-tourn"]
[EventRounds "9"]
[EventCountry "MNE"]
[SourceTitle "CBM 156 Extra"]
[Source "ChessBase"]
[SourceDate "2013.10.22"]
[SourceVersion "1"]
[SourceVersionDate "2013.10.22"]
[SourceQuality "1"]

1. d4 Nf6 2. Bg5 Ne4 3. Bf4 e5 4. Bxe5 d5 5. Nf3 Nc6 6. e3 f6 7. Bg3 h5 8. h3 Nxg3 9. fxg3 Bd6 10. Kf2 Ne7 11. Bd3 c6 12. Nc3 Qc7 13. Ne2 g5 14. e4 Bd7 15. b3 0-0-0 16. c4 dxe4 17. Bxe4 h4 18. g4 f5 19. gxf5 Bxf5 20. Bxf5+ Nxf5 21. Qd3 Rhf8 22. Rhf1 Qg7 23. Kg1 g4 24. Nh2 Ng3 25. Nxg3 gxh3 26. gxh3 hxg3 27. Ng4 Kb8 28. Rxf8 Rxf8 29. Rf1 Rh8 30. Kg2 a6 31. b4 Rh4 32. Qe4 Qh8 33. Rh1 Qf8 34. Qf3 Qg8 35. d5 Qg5 36. Rd1 Qg7 37. Qe2 Qh8 38. dxc6 Bc7 39. b5 Rxh3 40. cxb7 Rh2+ 41. Nxh2 Qxh2+ 42. Kf3 Qh5+ 43. Ke3 Qf5 44. Kd4 axb5 45. c5 Qf4+ 46. Kd5 g2 47. Qe8+ Kxb7 48. Qxb5+ Kc8 49. Qa6+ 1-0

[Event "MNT-chT1"]
[Site "Cetinje"]
[Date "2013.09.01"]
[Round "3"]
[White "Kovacevic, Nikola"]
[Black "Simic, Dragisa"]
[Result "0-1"]
[WhiteElo "2081"]
[BlackElo "2297"]
[PlyCount "70"]
[EventDate "2013.08.30"]
[EventType "team-tourn"]
[EventRounds "9"]
[EventCountry "MNE"]
[SourceTitle "CBM 156 Extra"]
[Source "ChessBase"]
[SourceDate "2013.10.22"]
[SourceVersion "1"]
[SourceVersionDate "2013.10.22"]
[SourceQuality "1"]

1. e4 c5 2. Nf3 d6 3. d4 cxd4 4. Nxd4 Nf6 5. Nc3 e6 6. Bc4 Be7 7. Be3 0-0 8. Qe2 Na6 9. Bb3 b5 10. f3 b4 11. Nd1 d5 12. e5 Nd7 13. f4 Nac5 14. Nf2 a5 15. a3 Ba6 16. Qh5 bxa3 17. bxa3 a4 18. Ba2 Qc7 19. Ng4 Ne4 20. c4 Bxc4 21. Bxc4 Qxc4 22. Rc1 Qd3 23. Rd1 Qc3+ 24. Ke2 Qxa3 25. Rd3 Qb2+ 26. Kf3 Ra6 27. f5 f6 28. Rc1 exf5 29. Qxf5 g6 30. Nh6+ Kg7 31. Rc7 gxf5 32. Rxd7 Kh8 33. Ndxf5 Qb5 34. e6 Ng5+ 35. Ke2 Rxe6 0-1

[Event "MNT-chTB"]
[Site "Andrijevica"]
[Date "2012.09.30"]
[Round "9"]
[White "Sekulic, Dusan"]
[Black "Kovacevic, Nikola"]
[Result "1/2-1/2"]
[WhiteElo "2306"]
[BlackElo "2120"]
[PlyCount "38"]
[EventDate "2012.09.14"]
[EventType "team-tourn"]
[EventRounds "9"]
[EventCountry "MNE"]
[SourceTitle "CBM 150 Extra"]
[Source "ChessBase"]
[SourceDate "2012.10.19"]
[SourceVersion "1"]
[SourceVersionDate "2012.10.19"]
[SourceQuality "1"]

1. d4 Nf6 2. Nf3 g6 3. c4 Bg7 4. g3 d6 5. Bg2 0-0 6. 0-0 Nc6 7. b3 Re8 8. Bb2 Bf5 9. d5 Nb8 10. Nd4 Bd7 11. Nc3 c5 12. Nc2 Na6 13. a3 Rb8 14. b4 b6 15. Ra2 Qc8 16. b5 Nc7 17. e4 Bh3 18. Ne3 Bxg2 19. Kxg2 Ra8 1/2-1/2

[Event "FRM-chT2 20th"]
[Site "Andrijevica"]
[Date "2011.09.23"]
[Round "5"]
[White "Radojevic, Sasa"]
[Black "Kovacevic, Nikola"]
[Result "0-1"]
[WhiteElo "2015"]
[BlackElo "2083"]
[PlyCount "64"]
[EventDate "2011.09.09"]
[EventType "team"]
[EventRounds "7"]
[EventCountry "MNE"]
[SourceTitle "CBM 144 Extra"]
[Source "ChessBase"]
[SourceDate "2011.10.28"]
[SourceVersion "1"]
[SourceVersionDate "2011.10.28"]
[SourceQuality "1"]

1. e4 c5 2. Nf3 d6 3. d4 cxd4 4. Nxd4 Nf6 5. Nc3 g6 6. Be2 Bg7 7. Be3 0-0 8. f4 Nc6 9. 0-0 Bg4 10. Nf3 Qa5 11. h3 Bxf3 12. Bxf3 Rac8 13. Ne2 Rfd8 14. c3 e5 15. f5 d5 16. exd5 Nxd5 17. Bxd5 Rxd5 18. Qc2 Nd4 19. Bxd4 exd4 20. Qb3 Rb5 21. Qc2 Qb6 22. Ng3 d3+ 23. Qf2 Rxb2 24. Qxb6 Rxb6 25. Rad1 Rxc3 26. f6 Bxf6 27. Ne4 Bd4+ 28. Kh1 Ra3 29. Rf3 f5 30. Rfxd3 Rxd3 31. Rxd3 Rb1+ 32. Kh2 Bg1+ 0-1

[Event "FRM-chT2 20th"]
[Site "Andrijevica"]
[Date "2011.09.10"]
[Round "3"]
[White "Kovacevic, Nikola"]
[Black "Nisic, Harun"]
[Result "1-0"]
[WhiteElo "2083"]
[BlackElo "2071"]
[PlyCount "73"]
[EventDate "2011.09.09"]
[EventType "team"]
[EventRounds "7"]
[EventCountry "MNE"]
[SourceTitle "CBM 144 Extra"]
[Source "ChessBase"]
[SourceDate "2011.10.28"]
[SourceVersion "1"]
[SourceVersionDate "2011.10.28"]
[SourceQuality "1"]

1. e4 e6 2. d4 d5 3. Nc3 dxe4 4. Nxe4 Nf6 5. Bd3 Nc6 6. Nf3 Be7 7. c3 0-0 8. 0-0 a6 9. Qc2 h6 10. Be3 Nd5 11. Bd2 f5 12. Ng3 Bd6 13. a3 b5 14. Rae1 Nf4 15. Bxf4 Bxf4 16. Ne2 Bg5 17. c4 Na7 18. Nc3 c6 19. Rd1 Bf6 20. Rfe1 Rb8 21. b3 a5 22. Bf1 b4 23. axb4 axb4 24. Na4 Be7 25. Ne5 Rf6 26. c5 Qc7 27. Nb6 Rxb6 28. cxb6 Qxb6 29. Bc4 c5 30. d5 exd5 31. Bxd5+ Kh7 32. Nd7 Bxd7 33. Rxe7 Bc8 34. Qd3 Nb5 35. Re8 Nd6 36. Re7 Ba6 37. Qg3 1-0